00300nam a22001217a 4500003000400000020001800004082001400022100001800036245003700054260006700091300000800158650001200166SGT a9789354664731 a611bB24G aGarg, Krishna aB. D. Chaurasia's Human Anatomy  aDelhi, IndiabC.B.S. Publishers & Distributors Pvt. Ltd.c2024 a362 aAnatomy